00451nam a2200121Ia 4500008004100000245013900041260004500180260000900225300000800234500001200242650001300254856006200267170516s9999 xx 000 0 und d aQuantitative determination of isradipine in dog plasma by an ultra performance liquid chromatography–tandem mass spectrometry method bAsian Journal of Pharmaceutical Sciences c2013 a8:5 aOctober xPharmacy uhttp://www.sciencedirect.com/science/journal/18180876/8/5